Retrouvez les artistes, un par année - Statistiques

Statistiques générales
  • Ce quiz a été pris 64 fois
  • Le résultat moyen est 12 sur 26
Statistiques - réponses
Année Artiste Réponse % Correct
2005 Gold Digger Kanye West, Jamie Foxx
90%
2000 The Real Slim Shady Eminem
88%
2012 Gangnam Style PSY
88%
2007 Relax, Take It Easy Mika
78%
2014 Shake It Off Taylor Swift
73%
2003 In Da Club 50 Cent
68%
2009 I Gotta Feeling The Black Eyed Peas
66%
2016 Starboy The Weeknd, Daft Punk
66%
2006 Hips Don't Lie Shakira, Wyclef Jean
64%
2008 Hot 'N' Cold Katy Perry
59%
2019 7 rings Ariana Grande
56%
2002 The Scientist Coldplay
54%
2015 Stressed Out Twenty One Pilots
53%
2011 Judas Lady Gaga
47%
2004 Dragostea Din Tei O-Zone
44%
2010 Talking To The Moon Bruno Mars
41%
2001 Fallin' Alicia Keys
39%
2017 Mask Off Future
36%
2013 Counting Stars OneRepublic
34%
2025 BAILE INoLVIDABLE Bad Bunny
24%
2018 All The Stars Kendrick Lamar, SZA
24%
2021 I WANNA BE YOUR SLAVE Maneskin
19%
2023 Greedy Tate McRae
17%
2024 Eyes Closed Imagine Dragons
12%
2020 BOP DaBaby
5%
2022 PROVENZA KAROL G
2%
Aucun quiz correspondant
Distribution des résultats
% des personnes avec chaque résultat
Percentile par nombre de réponses
Votre historique - résultats
Vous n’avez pas pris ce quiz